00620nam a2200181Ia 4500952014800000999001700148003000400165005001700169008004100186020001800227040000900245082001800254100002500272245005700297260003300354300000900387942004200396 00102ddc40708HISTORYaMESbMEScHISd2019-02-20g699.00l7m4o954.83 PIL/Dp40477r2025-09-27 12:10:44s2025-09-27w2019-02-20yBKzGL34R2 c30178d30178OSt20231211121056.0190216s9999||||xx |||||||||||||| ||und|| a9789352820979 coclc a954.83bPIL/D aPillai, Manu S93242 0aDanthasimhasanam = The Ivory Throne /cManu S Pillai bD C Books,c2018.aKottayam: a862p cBK2ddch954.83iPIL/Dk954.83mPIL/D